000 00510nam a2200157 i 4500
001 55286
003 ES-MaACL
005 20230906163119.0
008 030917s1931 fr |||| | fre d
100 1 _aDemont, Henri.
_943663
245 1 0 _aPour supprimer ce crime
_b: la guerre /
_cplan Henri Demont de 1908 développé et proposé aux alliés en 1918.
260 _aParis :
_bFigiuix,
_c1931.
300 _a256 p. ;
_c19 cm.
650 0 4 _aGuerra mundial, 1914-1918-
_xPaz.
_913225
852 _aES-MaACL
_jF-13891
999 _c55286
_d55286